000
00319nam a2200157Ia 4500
001
35155
003
IN-NITTTR
005
20251114233437.0
008
251113s9999||||xx |||||||||||||| ||eng||
040
_b
eng
040
_c
IN-NITTTR
041
_a
eng
082
_a
PER
245
4
_a
The machinist /
942
_2
ddc
_c
BK
999
_c
35696
_d
35696